| 000 | 00495cab a2200181 4500 | ||
|---|---|---|---|
| 001 | X1127 | ||
| 008 | 090401t1993 xxu||||| |||| 00| 0 eng d | ||
| 035 | _a(Sirsi) u14826 | ||
| 041 | _aeng | ||
| 245 | _aSurveyors` where are you now? | ||
| 260 | _c1993 | ||
| 350 | _a0 | ||
| 490 |
_aCS Monthly : Land and Hydrographic Survey _v3(2) October 1993, 2(1) |
||
| 650 | _aMEMBERSHIP STATISTICS | ||
| 690 | _aMANAGEMENT-BUSINESS MANAGEMENT-PROFESSIONAL PRACTICE | ||
| 942 | _n0 | ||
| 948 | _c04/03/1997 | ||
| 999 |
_c9680 _d9680 |
||